|
|
|
|
| LEADER |
00000nab a2200000 a 4500 |
| 001 |
vtls009348644 |
| 003 |
SK-MaSNL |
| 005 |
20260304153828.0 |
| 008 |
250507c2008 xo |||||||||||000 b|slo |
| 015 |
|
|
|a SNBRB2008/10
|2 snkbucl
|
| 035 |
|
|
|a (uuid)002198d5-a4e3-4b40-a19e-81e0cd244a25
|
| 035 |
|
|
|a urn:nbn:sk:snk-ab13fw
|
| 035 |
|
|
|a (urnnbn)urn:nbn:sk:snk:ar-a05ard
|
| 038 |
|
|
|a SNKBUCL
|
| 040 |
|
|
|a SNKBUCL
|b slo
|c SNKBUCL
|e AACR2
|
| 041 |
0 |
|
|a slo
|
| 044 |
|
|
|a xo
|c SK
|
| 080 |
|
|
|a 621.395.721.5:621.398
|2 2001
|
| 080 |
|
|
|a 621.398:528.28
|2 2001
|
| 100 |
1 |
|
|a Orgonáš, Jozef
|4 aut
|9 197663
|
| 245 |
1 |
0 |
|a Mobilné telefóny s navigáciou GPS
|c Jozef Orgonáš
|
| 300 |
|
|
|b Obr.
|
| 650 |
0 |
7 |
|a mobilné telefóny
|2 SNKPH
|9 20365
|
| 650 |
0 |
7 |
|a GPS (navigačný systém)
|2 SNKPH
|9 168839
|
| 650 |
0 |
7 |
|a navigačné prístroje
|2 snkbucl
|9 1035663
|
| 773 |
0 |
|
|t PC revue
|g Roč. XVI, č. 9 (2008), s. 52-53
|x 1335-0226
|
| 850 |
|
|
|a Slovenská národná knižnica
|
| 852 |
|
|
|a Slovenská národná knižnica
|
| 954 |
|
|
|a odborná, vedecká literatúra pôvodná (slovenská)
|2 lita
|
| 958 |
|
|
|a article27
|
| 958 |
|
|
|a OND
|
| 958 |
|
|
|a EUIPO
|
| 999 |
|
|
|c 2955113
|d 2957043
|